<?xml version="1.0" encoding="UTF-8"?>
<collection xmlns:xsi="http://www.w3.org/2001/XMLSchema-instance" xsi:schemaLocation="http://www.loc.gov/MARC21/slim http://www.loc.gov/standards/marcxml/schema/MARC21slim.xsd" xmlns="http://www.loc.gov/MARC21/slim">
 <record>
  <leader>00000cam a22000004a 4500</leader>
  <controlfield tag="001">UP-1685594773857472526</controlfield>
  <controlfield tag="003">Buklod</controlfield>
  <controlfield tag="005">20230608093906.0</controlfield>
  <controlfield tag="006">m    |o  d |      </controlfield>
  <controlfield tag="007">ta</controlfield>
  <controlfield tag="008">020827s1985    xx      r    |||| u|eng d</controlfield>
  <datafield tag="090" ind1=" " ind2="0">
   <subfield code="a">PR 2754</subfield>
   <subfield code="b">C46 1996</subfield>
  </datafield>
  <datafield tag="100" ind1="1" ind2=" ">
   <subfield code="a">Shakespeare, William</subfield>
   <subfield code="d">1564-1616.</subfield>
  </datafield>
  <datafield tag="240" ind1="1" ind2="0">
   <subfield code="a">Works.</subfield>
   <subfield code="f">1996</subfield>
  </datafield>
  <datafield tag="245" ind1="1" ind2="0">
   <subfield code="a">Complete works of William Shakespeare</subfield>
   <subfield code="c">[editor] Jeremy Hylton.</subfield>
  </datafield>
  <datafield tag="264" ind1=" " ind2="1">
   <subfield code="a">[Boston, Ma.]</subfield>
   <subfield code="b">Massachusetts Institute of Technology</subfield>
   <subfield code="c">1996.</subfield>
  </datafield>
  <datafield tag="520" ind1=" " ind2=" ">
   <subfield code="a">This collection offers the complete works of Wiliam Shakespeare including full text of plays, comedy, history, tragedy, and poetry. Features full text searching, index browsing, and table of contents.</subfield>
  </datafield>
  <datafield tag="700" ind1="1" ind2=" ">
   <subfield code="a">Hylton, Jeremy.</subfield>
  </datafield>
  <datafield tag="710" ind1="2" ind2="2">
   <subfield code="a">Massachusetts Institute of Technology.</subfield>
  </datafield>
  <datafield tag="852" ind1="0" ind2=" ">
   <subfield code="a">UPEPP</subfield>
   <subfield code="b">UPEPP</subfield>
   <subfield code="h">PR 2754 C46 1996</subfield>
  </datafield>
  <datafield tag="942" ind1=" " ind2=" ">
   <subfield code="a">Book</subfield>
  </datafield>
 </record>
</collection>
